Instituciones hispanofilipinas del siglo XIX

Bewaard in:
Bibliografische gegevens
Hoofdauteur: Celdrán Ruano, Julia (Auteur)
Formaat: Boek
Taal:Spaans
Gepubliceerd in: Madrid Mapfre 1994
Reeks:Colección Relaciones entre España y América
Onderwerpen:
Tags: Voeg label toe
Geen labels, Wees de eerste die dit record labelt!

MARC

LEADER 00000nam a2200000 a 4500
001 UCR5857
003 CL-VaPUC
008 980403e19940000SP |||||||||||||||||spa|d
082 0 4 |a 946.07  |b CEL  |2 21 
100 0 |a Celdrán Ruano, Julia  |e author  |9 406757 
245 1 0 |a Instituciones hispanofilipinas del siglo XIX 
300 |a 406 p 
942 |c BK 
945 |d 19980403 00:00:00  |a rbrito 
260 |a Madrid  |b Mapfre  |c 1994 
650 7 |a HISTORIA SIGLO 19  |2 CL-VaPUC  |9 257187 
650 0 |a Monarquía   |9 255259 
650 0 |a Constitución política  |9 336925 
650 0 |a Periodo Colonial  |9 257430 
651 0 |a España  |9 254926 
651 0 |a Filipinas  |9 258491 
583 |a last modification  |c 20131001 02:24:29  |k Rodrigo Vera 
490 0 |a Colección Relaciones entre España y América 
999 |c 268205  |d 268203 
952 |0 0  |1 0  |4 0  |6 946_070000000000000_CEL_1994  |7 0  |8 A  |9 301172  |a BIBHIS  |b BIBHIS  |d 2019-11-20  |i 3396576  |o 946.07 CEL 1994  |p 3396576  |r 2025-01-20  |w 2019-11-20  |y BK  |k HIS